[Event "Chess Festival Cracovia B 2020"]
[Site "Krakow"]
[Date "2020.12.28"]
[Round "2.1"]
[White "Wnek, Filip"]
[Black "Lochte, Thomas"]
[Result "1/2-1/2"]
[WhiteElo "1981"]
[BlackElo "2076"]
[Annotator "TA"]
[PlyCount "159"]
[EventDate "2020.12.27"]
[EventType "swiss"]
[EventCountry "POL"]
[SourceTitle "playchess.com"]
[Source "ChessBase"]
[SourceQuality "1"]

{[%evp 9,159,22,34,12,16,17,2,6,25,25,23,21,29,16,22,-33,5,0,51,22,31,16,18,25,35,35,47,45,60,79,70,-75,-79,-112,-110,-120,-110,-90,0,-62,-70,-72,-91,-111,-106,-195,-204,-183,-163,-255,-247,-320,-303,-291,-272,-318,-315,-279,-270,-389,-373,-370,-357,-337,-304,-281,-272,-310,-279,-343,-221,-279,-262,-265,-249,-326,-318,-327,-306,-318,-318,-368,-339,-350,-332,-1241,-550,-510,-331,-616,-562,-1058,-620,-444,-242,-238,-234,-231,-219,-219,-219,-196,-190,-169,-136,-498,-498,-29977,-29978,-29947,-29985,-5122,0,-152,0,0,0,0,0,0,0,0,0,0,0,0,0,0,0,0,0,0,0,0,0,0,0,0,0,0,0,0,0,0,0,0,0,0,0,0,0,0]} 1. e4 c5 2. Nf3 d6 3. d4 cxd4 4. Nxd4 Nf6 5. Nc3 a6 6. h4 {B90: Sicilian Najdorf: Unusual White 6th moves, 6 Be3 Ng4 and 6 Be3 e5.} e5 7. Nb3 Be7 8. Bg5 {[#]} h6 $146 ({Predecessor:} 8... Be6 9. Bxf6 Bxf6 10. g3 Qd7 11. Qd2 Nc6 12. O-O-O Rd8 13. Nd5 O-O 14. Nxf6+ gxf6 {0-1 (69) Caruana,F (2823)-Duda,J (2743) Chess.com INT 2020}) 9. Bxf6 Bxf6 10. Nd5 Nc6 11. Qd2 O-O 12. O-O-O (12. g3 $11) 12... Be6 13. g3 Rc8 (13... a5 $11) 14. a3 Bxd5 15. Qxd5 Qb6 16. Qd2 a5 17. Kb1 a4 18. Nc1 d5 19. exd5 e4 {[%csl Gf6][%cal Rb6b2]} 20. c4 (20. c3 $14 Ne7 21. Na2) 20... Na5 $17 21. g4 Nxc4 22. Bxc4 Rxc4 23. g5 Rd4 24. Qe2 ({Better is} 24. Qc2 $1 $11 Rc4 25. Qe2) 24... hxg5 $15 25. hxg5 Bxg5 26. Qh5 {[%csl Gh1][%cal Rh5h8]} Bh6 $40 {[%mdl 128] Black attacks with force.} 27. Ne2 (27. Qe2 $17) 27... Rxd1+ $19 28. Rxd1 Qxf2 29. Nd4 (29. Nc3 {might work better.}) 29... e3 30. Rh1 Re8 31. Ne2 Qf6 32. Qh3 Qg6+ 33. Ka1 Qc2 34. Qg4 {[#]} (34. Qh5 $142) 34... Qe4 $1 35. Qg1 {next Rxh6 is good for White.} (35. Qxe4 Rxe4) 35... Kh7 36. Nc3 Qf3 37. Qb1+ Kg8 38. d6 e2 {Threatens to win with ...Qxh1!} 39. Re1 {intending d7.} g6 {Hoping for ...Bd2.} 40. d7 Rd8 41. Rxe2 Rxd7 42. Re8+ Kh7 43. Qe1 Rd4 44. Re7 Bg5 45. Rc7 Bd8 46. Rc5 Bf6 47. Qg1 $2 (47. Rc7 Kg7 48. Qe6) 47... Rd3 (47... Rh4 $142 48. Ka2 Rh1 49. Qxh1+ Qxh1 50. Nxa4 g5) 48. Qh2+ Qh3 49. Qf4 (49. Qxh3+ Rxh3 50. Rc4) 49... Rf3 50. Qc7 Bxc3 51. Rxc3 {If only White now had time for Qxf7+!...} Rxc3 (51... Rf1+ $142 52. Rc1 b5) 52. Qxf7+ Kh6 53. Qf8+ Kh5 54. Qh8+ Kg4 55. Qd4+ Kf5 56. Qd5+ Kf6 $1 57. Qd8+ $2 {[%mdl 8192]} (57. Qd4+ $17 {nothing else works.} Ke6 58. bxc3) 57... Kf7 58. Qd5+ {[#]} (58. bxc3 $19 Qxc3+ {[%mdl 64] Double Attack} 59. Kb1 Qb3+ 60. Kc1) 58... Qe6 $1 59. Qxb7+ Qe7 60. Qd5+ Qe6 $2 (60... Kf8 $19 61. Qh1 Rc2 62. Qh8+ Kf7 63. Qh7+ Kf6 64. Qh4+ g5 65. Qh6+ Kf5) 61. Qb7+ $1 $17 {[#]} Kg8 $2 ({Black should try} 61... Kf6 $1 $17 {[%cal Rc3c1]} 62. bxc3 g5 63. Qf3+ Kg7) 62. bxc3 $11 {[%mdl 4096] Endgame KQ-KQ. The position is equal.} Qe1+ 63. Kb2 Qd2+ 64. Kb1 Qd1+ 65. Kb2 g5 66. Qb5 g4 67. Qg5+ Kf7 68. Qf5+ Ke7 (68... Kg8 {is more complex.} 69. Qg5+) 69. Qe5+ Kd7 70. Qf5+ Kd6 71. Qf6+ Kc7 72. Qe5+ (72. Qe7+ {is interesting.} Kc6 73. Qe6+ Kb7 74. Qe7+ Kb6 75. Qe6+) 72... Qd6 (72... Kb6 {seems wilder.} 73. Qb8+ Ka6 74. Qc8+ Kb6 75. Qb8+) 73. Qg7+ Qd7 74. Qe5+ Kb6 {( -> ...Qb5+)} 75. Qe3+ (75. Kc1 {looks sharper.} Qd3 76. Qb8+ Kc6 77. Qa8+ Kb6 78. Qb8+) 75... Ka5 76. Kc1 Qd5 77. Qa7+ Kb5 78. Qb8+ Kc4 {...Qe4 is the strong threat.} 79. Qb4+ Kd3 {aiming for ...Qh1+.} 80. Qxg4 {And White is the lucky defender.  Weighted Error Value: White=0.69/Black=0.32} 1/2-1/2

[Event "Chess Festival Cracovia B 2020"]
[Site "Krakow"]
[Date "2020.12.28"]
[Round "2.2"]
[White "Bartoszewicz, Marcin"]
[Black "Golenia, Jan"]
[Result "0-1"]
[WhiteElo "1927"]
[BlackElo "2070"]
[Annotator "ChessBase"]
[PlyCount "66"]
[EventDate "2020.12.27"]
[EventType "swiss"]
[EventCountry "POL"]
[SourceTitle "playchess.com"]
[Source "ChessBase"]
[SourceQuality "1"]

1. e4 e5 2. Nf3 Nc6 3. Bc4 Nf6 4. Nc3 Be7 5. O-O d6 6. h3 O-O 7. d4 h6 8. dxe5 Nxe5 9. Nxe5 dxe5 10. Qf3 c6 11. Rd1 Qc7 12. a4 a5 13. Be3 Bd7 14. Rd2 Rad8 15. Rad1 Kh8 16. Qe2 Nh7 17. f3 Bg5 18. Qf2 Bxe3 19. Qxe3 Ng5 20. Qc5 Bxh3 21. Rxd8 Rxd8 22. Rxd8+ Qxd8 23. gxh3 Nxh3+ 24. Kf1 Ng5 25. Be2 Qf6 26. Qe3 Ne6 27. Nd1 Nf4 28. c3 Qh4 29. Qg1 Qd8 30. Qe3 Qg5 31. Nf2 Qg2+ 32. Ke1 Qg1+ 33. Kd2 Ng2 0-1

[Event "Chess Festival Cracovia B 2020"]
[Site "Krakow"]
[Date "2020.12.28"]
[Round "2.3"]
[White "Janus, Przemyslaw"]
[Black "Dziewonski, Dariusz"]
[Result "1/2-1/2"]
[WhiteElo "2062"]
[BlackElo "1925"]
[Annotator "TA"]
[PlyCount "115"]
[EventDate "2020.12.27"]
[EventType "swiss"]
[EventCountry "POL"]
[SourceTitle "playchess.com"]
[Source "ChessBase"]
[SourceQuality "1"]

{[%evp 16,115,-10,12,-1,-23,-20,-22,-18,-12,-25,-15,-20,-32,34,45,58,54,70,-11,65,47,49,50,42,24,24,22,21,21,22,21,22,23,34,43,75,75,77,56,59,56,57,57,124,124,124,124,124,124,141,99,148,148,148,148,148,141,141,141,141,141,141,141,141,141,141,141,135,127,160,160,160,160,171,171,171,171,171,171,171,127,127,127,127,127,127,127,127,127,127,127,127,127,127,127,127,0,127,0,127,0]} 1. d4 d5 2. c4 e6 3. Nc3 c6 4. Nf3 dxc4 5. e3 b5 6. a4 Bb4 7. Bd2 a5 8. Ne5 Nf6 9. Qf3 Bxc3 {D31: Queen's Gambit Declined: Semi-Slav without ...Nf6 (+ Marshall Gambit and Noteboom) and Exchange Variation lines without ...Nf6.} 10. Bxc3 {[#] Threatens to win with axb5.} Qd5 11. axb5 cxb5 {The position is equal.} 12. Rxa5 Rxa5 13. Bxa5 Qxf3 14. gxf3 {[#]} Nbd7 $146 ({Black should play} 14... Ng8 $15) ({Predecessor:} 14... Ng8 15. Rg1 f6 16. Nxc4 bxc4 17. Rxg7 Ne7 18. Bxc4 Kf8 19. Rg1 Kf7 20. Ke2 Ba6 {0-1 (52) Rain,R (2244)-Krzyzanowski,A (2359) ICCF email 2016}) 15. b3 $14 Nxe5 16. dxe5 Nd7 17. f4 ({Better is} 17. bxc4 $14 bxc4 18. Bxc4) 17... Ba6 ({Much weaker is} 17... cxb3 $6 18. Bxb5 Bb7 19. O-O $16) (17... Bb7 $11 18. Rg1 cxb3) 18. bxc4 bxc4 19. Bb4 f6 20. Bd6 Kf7 21. Kd2 Bb7 22. Rg1 Rc8 23. Kc3 Nb6 24. Be2 Nd5+ 25. Kc2 c3 26. Ra1 {[#] Strongly threatening Ra7.} Kg6 27. Bd3+ f5 28. Ra7 Bc6 29. Be2 Ra8 (29... Kh6 $14) 30. Rxa8 $16 Bxa8 {[%mdl 4096] Endgame KBB-KBN} 31. Bb5 Kf7 32. Bc5 g6 33. Bd4 Bb7 34. Bxc3 Nxc3 35. Kxc3 {KB-KB} Bf3 36. Kd4 Ke7 37. Kc5 Bd1 38. Bc6 Be2 39. Kd4 Bd1 40. Kd3 Bb3 41. Bf3 Ba4 42. h4 h5 43. Kd4 Be8 44. Kc5 Bf7 45. Bc6 Bg8 46. Kb6 Bf7 47. Kc7 Bg8 48. e4 Bf7 49. Kb6 Bg8 50. Kc5 Bf7 51. Kd4 Bg8 52. Bb5 Bf7 53. Be2 Be8 54. Bd1 Bf7 55. Ba4 Bg8 56. Bb5 Bf7 $1 57. Be2 Be8 $1 58. Bd1 {Weighted Error Value: White=0.12/Black=0.09} (58. Kc5 $16) 1/2-1/2

[Event "Chess Festival Cracovia B 2020"]
[Site "Krakow"]
[Date "2020.12.28"]
[Round "2.4"]
[White "Panek, Bartosz"]
[Black "Zarnowski, Krzysztof"]
[Result "1/2-1/2"]
[WhiteElo "1981"]
[BlackElo "2062"]
[Annotator "TA"]
[PlyCount "98"]
[EventDate "2020.12.27"]
[EventType "swiss"]
[EventCountry "POL"]
[SourceTitle "playchess.com"]
[Source "ChessBase"]
[SourceQuality "1"]

{[%evp 23,98,0,0,-24,-8,-47,-25,-38,0,0,0,0,43,45,41,26,51,51,68,82,145,150,150,150,149,148,138,138,106,111,120,142,326,318,303,292,295,265,295,279,437,405,455,413,12829,9231,12828,12830,12829,12781,5605,12830,12831,12835,12841,752,12836,12837,12833,12834,12837,12835,12839,12833,12833,12834,12834,0,0,0,0,0,0,0,0,0,0]} 1. e4 e6 2. d4 d5 3. Nc3 Nf6 4. e5 Nfd7 5. f4 c5 6. Nf3 Nc6 7. Be3 a6 8. Qd2 b5 9. dxc5 Bxc5 10. Bxc5 Nxc5 11. Bd3 b4 12. Ne2 Qb6 13. h4 {C11: French: Classical System: 4 e5 and 4 Bg5 dxe4.} h5 14. Rh3 {[#]} Bb7 $146 ({Predecessor:} 14... a5 15. Rg3 g6 16. Ng5 Ne7 17. Nd4 Ba6 18. Bxa6 Qxa6 19. a3 Rd8 20. axb4 Ne4 21. Nxe4 dxe4 {½-½ (65) Pokrupa,M (2093)-Jasny,S (2283) Tatranska Lomnica 1999}) 15. Rg3 {Black has an edge.} O-O-O {[#] Threatens to win with ...Ne4.} 16. Nfd4 g6 17. c3 bxc3 18. Qxc3 Kb8 19. Nxc6+ Bxc6 20. Qd4 $1 Bb5 21. Bxb5 axb5 (21... Qxb5 $142 22. Rc3 Rc8) 22. Rc1 $16 Rc8 23. Rgc3 {[%cal Rc3c5]} Na4 24. Rxc8+ Rxc8 25. Rxc8+ Kxc8 26. Qxb6 Nxb6 {[%mdl 4096] Endgame KN-KN} 27. Nd4 Na4 $2 (27... b4 $16 {might work better.}) 28. Nxb5 $18 Nxb2 29. Nd6+ Kd7 30. Nxf7 Nd3+ 31. Kd2 Nxf4 (31... Nb4 {was called for.} 32. a4 Nc6) 32. g3 Nh3 33. Ke3 Ke7 {[#]} (33... Kc6 $142 34. a4 Kc5) 34. a4 $1 Kd7 35. a5 Kc7 36. a6 Kb6 37. Nd8 Kxa6 38. Nxe6 Kb5 39. Nf8 (39. Kf3 $142 Kc6 40. Kg2) 39... Kc5 40. Nxg6 d4+ 41. Ke2 Ng1+ 42. Kf2 Nh3+ 43. Kf1 d3 44. Nf4 d2 45. Nd3+ $2 (45. Ke2 $18 Nf2 46. Kxd2 Ne4+ 47. Ke3 Nxg3 48. Ng6) 45... Kd4 {The position is equal.} 46. Nb2 {And now e6 would win.} Kc3 47. Nd1+ Kc2 48. Ne3+ Kd3 49. Nd1 {e6 is the strong threat.} Kc2 {Weighted Error Value: White=0.29/Black=0.35} 1/2-1/2

[Event "Chess Festival Cracovia B 2020"]
[Site "Krakow"]
[Date "2020.12.28"]
[Round "2.5"]
[White "Budnik, Mateusz"]
[Black "Zima, Teofil"]
[Result "0-1"]
[WhiteElo "2034"]
[BlackElo "1897"]
[Annotator "TA"]
[PlyCount "121"]
[EventDate "2020.12.27"]
[EventType "swiss"]
[EventCountry "POL"]
[SourceTitle "playchess.com"]
[Source "ChessBase"]
[SourceQuality "1"]

{[%evp 15,121,7,19,4,16,2,12,2,7,-20,-18,-43,-25,-31,0,-69,-73,-112,-118,-133,-123,-210,-212,-195,-127,-370,-346,-374,-372,-371,-366,-340,-347,-337,-298,-336,-206,-261,-293,-310,-300,-304,-319,-317,-316,-312,-311,-289,-295,-308,-315,-508,-247,-387,-344,-315,-145,-150,-91,-75,0,-139,-93,-105,-110,-120,-95,-127,-105,-105,-71,-65,-67,-79,-62,-66,-58,-72,-8,-10,-8,-8,-8,-8,-8,-8,-8,-8,-8,-8,-8,-8,-8,-8,-8,-141,-124,-131,-133,-2678,-1531,-5206,-3500,-12833,-7091,-5097,-5501,-2572]} 1. e4 c5 2. Nf3 Nc6 3. d4 cxd4 4. Nxd4 Nf6 5. Nc3 {[%cal Bb1c3,Bc3a4,Ba4b6,Bb6d5][%mdl 32]} d6 6. Be2 e5 7. Nb3 Be7 8. Be3 O-O 9. f3 {B59: Classical Sicilian: 6 Be2 e5 7 Nb3.} a5 $1 {9...a5 scores better than 9...Be6.} 10. Na4 Be6 11. Nb6 {The position is equal.} Rb8 12. c4 Nd7 13. Nd5 Bh4+ 14. g3 Bg5 {[#]} 15. Qd2 $146 (15. Bf2 $1 $11) ({Predecessor:} 15. Bf2 a4 16. Nd2 Qa5 17. h4 Bh6 18. g4 f6 19. Rg1 Bf4 20. Nxf4 exf4 21. h5 {0-1 (48) Aronow,M (2290)-Kovalev,A (2533) Dresden 2009}) 15... Bxe3 $15 16. Qxe3 a4 $36 {[%mdl 2048] Black has strong initiative.} 17. Nd2 Nd4 {Hoping for ...Nc2+.} 18. O-O-O (18. Bd3 $17 {was worth a try.}) 18... b5 $19 19. Kb1 a3 (19... bxc4 $19 20. Bxc4 Nb6) 20. cxb5 $2 (20. b3 $17) 20... axb2 21. Nb3 Bxd5 22. exd5 Nxb5 23. Bxb5 Rxb5 24. Rd2 Nb6 25. Qe2 Rxd5 ({Much less strong is} 25... Nxd5 26. Kxb2 Qb6 27. Rc1) 26. Rxd5 Nxd5 27. Kxb2 Qf6 28. Qe4 Nb6 {White must now prevent ...d5.} 29. Qc6 e4+ {[%mdl 64] Discovered Attack} 30. Kb1 Qxf3 31. Rc1 Qd3+ 32. Ka1 Nd5 33. Qxd6 $2 (33. Qc2 Qxc2 34. Rxc2) 33... h6 (33... e3 $142 34. Qe5 e2) 34. Qe5 (34. Rc5 {was the only defense.} Nb4 35. Qxd3 Nxd3 36. Rc3) 34... Ra8 {Threatens to win with ...Nb4.} 35. Qd4 {[#]} Qxd4+ ({And not} 35... Qxb3 36. Rc8+ Kh7 37. Qxe4+ (37. Rxa8 $2 {is the wrong capture.} Qc2 $19) 37... g6 38. Rxa8 $11) (35... Qe2 $1 $19 {[%csl Ga8][%cal Re2a2] is more deadly.} 36. Qb2 Qh5) 36. Nxd4 {[%mdl 4096] Endgame KRN-KRN} Nb4 (36... g6 $142 37. Kb2 Kg7) 37. Rc4 $17 Nd5 (37... Rb8 $17 38. a4 Nd5) 38. Rc5 (38. Rc1 $1 $11) 38... Nf6 39. Kb2 Ng4 40. Rc2 g6 41. h3 Ne3 42. Re2 Nc4+ 43. Kb3 Nd6 44. a4 Rb8+ 45. Kc3 Rc8+ 46. Kb3 f5 ({Better is} 46... Kg7 $17) 47. a5 $11 g5 48. a6 f4 49. gxf4 gxf4 50. a7 (50. Kb4 {seems wilder.} Kf7 51. a7 f3 52. Ra2 Kf6 53. a8=Q) 50... f3 51. Ra2 Ra8 52. Kc3 Nc8 53. Kd2 Rxa7 54. Rxa7 Nxa7 {KN-KN} 55. Ke3 {[#]} (55. Nf5 $1 $11 {was the only way to keep the balance.}) 55... Nc8 $1 $17 {[%cal Rc8d6]} 56. Nf5 {[#]} Kh7 {[%cal Rh7g6] aiming for ...Kg6.} 57. Ng3 $2 {[%mdl 8192]} (57. Kf4 $17) 57... Nd6 $19 {Black is clearly winning.} 58. Kf4 Kg6 59. h4 Kf6 60. Nf1 Ke6 61. Ne3 {Weighted Error Value: White=0.46/Black=0.29} 0-1

[Event "Chess Festival Cracovia B 2020"]
[Site "Krakow"]
[Date "2020.12.28"]
[Round "2.6"]
[White "Swider, Pawel"]
[Black "Kumor, Lukasz"]
[Result "1-0"]
[WhiteElo "1893"]
[BlackElo "2034"]
[Annotator "TA"]
[PlyCount "107"]
[EventDate "2020.12.27"]
[EventType "swiss"]
[EventCountry "POL"]
[SourceTitle "playchess.com"]
[Source "ChessBase"]
[SourceQuality "1"]

{[%evp 13,107,12,36,14,25,14,28,17,31,20,29,21,34,34,34,30,30,30,25,14,21,12,18,4,31,34,41,50,44,41,58,4,8,10,89,30,50,41,31,19,34,33,82,89,112,112,113,103,175,175,182,175,175,175,193,193,190,194,196,193,192,192,192,182,192,192,193,120,120,129,271,120,520,513,506,500,475,439,917,917,1243,1210,5647,5598,5527,5446,2343,1842,29986,29987,29987,29988,29994,29995,29995,29992]} 1. d4 Nf6 2. Nf3 c5 3. c4 cxd4 4. Nxd4 e6 5. g3 Bb4+ 6. Bd2 Qb6 7. e3 Nc6 8. Bg2 {A32: Symmetrical English: 2 Nf3 Nf6 3 d4 cxd4 4 Nxd4 e6.} O-O 9. O-O d5 10. cxd5 {White has an edge.} exd5 11. Nxc6 bxc6 {[#]} 12. Qc2 $146 ({Predecessor:} 12. Nc3 Bg4 13. Qc2 a5 14. Rac1 Rfc8 15. Rfe1 Rab8 16. a3 Bf8 17. Na4 Qd8 18. Bc3 {½-½ (25) Nedobora,M (2355)-Hjartarson,J (2580) Oviedo 1992}) 12... Be6 13. Bxb4 Qxb4 14. a3 Qb7 15. Nc3 a5 16. Na4 Rab8 17. Rac1 Rfc8 18. Rfd1 Qb5 19. Rd2 c5 20. Nc3 ({Not} 20. Nxc5 $2 Nd7 $19) 20... Qc6 21. Rcd1 {[%cal Rc3d5]} Rd8 22. Qa4 (22. h3 $14) 22... Qxa4 $11 23. Nxa4 c4 (23... Rdc8 $1 $11 {keeps the balance.}) 24. Nc3 (24. e4 $16) 24... Kf8 25. Nxd5 {[%mdl 64] Overworked Piece} Nxd5 26. e4 Rb3 27. exd5 Bg4 28. Rc1 Rc8 29. d6 $1 Bd7 30. Bd5 c3 31. Bxb3 $18 cxd2 {[#]} 32. Rxc8+ Bxc8 {[%mdl 4096] Endgame [#] KB-KB} 33. f3 Be6 34. Ba4 Bd7 35. Bd1 Bc6 36. Kf2 Ke8 37. Ke3 Kd7 38. Kxd2 Kxd6 39. Kc3 Kc5 40. b4+ (40. f4 $18) 40... axb4+ $16 41. axb4+ Kb5 (41... Kb6 $16 42. f4 f6) 42. Be2+ $18 Ka4 $2 {[%mdl 8192]} (42... Kb6 $16 {is tougher.} 43. f4 f6) 43. f4 Bd7 44. Ba6 Bg4 {Black hopes to continue with ...h6.} 45. Bd3 h6 (45... Be6 $142 46. Bxh7 f5) 46. Kc4 g5 47. Kc5 Bd1 48. Bb5+ Ka3 49. Bc4 f6 50. b5 {[%cal Bb4b5,Bb5b6,Bb6b7][%mdl 32]} Ka4 51. b6 {White mates.} Bf3 52. Bd5 g4 53. b7 Bxd5 54. Kxd5 {Weighted Error Value: White=0.08/Black=0.53} 1-0

[Event "Chess Festival Cracovia B 2020"]
[Site "Krakow"]
[Date "2020.12.28"]
[Round "2.7"]
[White "Kindler, Karolina"]
[Black "Prieb, Robert"]
[Result "0-1"]
[WhiteElo "1881"]
[BlackElo "2032"]
[Annotator "ChessBase"]
[PlyCount "66"]
[EventDate "2020.12.27"]
[EventType "swiss"]
[EventCountry "POL"]
[SourceTitle "playchess.com"]
[Source "ChessBase"]
[SourceQuality "1"]

1. d4 Nf6 2. Nf3 g6 3. c4 Bg7 4. Nc3 d5 5. Qb3 dxc4 6. Qxc4 O-O 7. e4 c6 8. Be2 b6 9. Qd3 Nfd7 10. Be3 e5 11. O-O exd4 12. Bxd4 Ba6 13. Qd2 Ne5 14. Nxe5 Bxe5 15. Rfd1 Bxe2 16. Nxe2 Nd7 17. Qc3 Qc7 18. Bxe5 Nxe5 19. f4 Nd7 20. b4 Rfd8 21. Rd3 Nf8 22. Rad1 Rxd3 23. Rxd3 Rd8 24. Rxd8 Qxd8 25. Qxc6 Qd2 26. Kf2 Qxb4 27. g3 Qa3 28. Nc3 Ne6 29. Ke3 Qc1+ 30. Kd3 Nc5+ 31. Kd4 Qd2+ 32. Kc4 Qd3+ 33. Kb4 a5+ 0-1

[Event "Chess Festival Cracovia B 2020"]
[Site "Krakow"]
[Date "2020.12.28"]
[Round "2.9"]
[White "Warchol, Kamil"]
[Black "Jankowiak, Piotr"]
[Result "0-1"]
[WhiteElo "1755"]
[BlackElo "2031"]
[Annotator "ChessBase"]
[PlyCount "86"]
[EventDate "2020.12.27"]
[EventType "swiss"]
[EventCountry "POL"]
[SourceTitle "playchess.com"]
[Source "ChessBase"]
[SourceQuality "1"]

1. e4 d6 2. d4 Nf6 3. Nc3 Nbd7 4. Nf3 e5 5. Be2 c6 6. O-O Be7 7. a4 a5 8. h3 Qc7 9. Be3 h6 10. Nh4 g6 11. Qd2 Ng8 12. Nf3 g5 13. Nh2 Nf8 14. Bg4 Ng6 15. Bf5 Nf4 16. Ne2 Bxf5 17. exf5 Nf6 18. c4 Rd8 19. Ng4 Nxg4 20. hxg4 h5 21. g3 Nh3+ 22. Kg2 hxg4 23. Qc2 d5 24. dxe5 d4 25. Bxd4 c5 26. Qe4 cxd4 27. f6 Bc5 28. e6 Qc6 29. Qxc6+ bxc6 30. e7 Rd6 31. f3 Rxf6 32. fxg4 Rxf1 33. Rxf1 d3 34. Nc1 Nf2 35. Nb3 Nxg4 36. Re1 d2 37. Nxd2 Bb4 38. Re2 Bxd2 39. Kf3 Nh2+ 40. Ke4 Bb4 41. c5 Kxe7 42. Kf5+ Kd7 43. Rf2 Bxc5 0-1

[Event "Chess Festival Cracovia B 2020"]
[Site "Krakow"]
[Date "2020.12.28"]
[Round "2.10"]
[White "Musial, Tomasz"]
[Black "Ociepka, Tomasz"]
[Result "1-0"]
[WhiteElo "2026"]
[BlackElo "1857"]
[Annotator "TA"]
[PlyCount "121"]
[EventDate "2020.12.27"]
[EventType "swiss"]
[EventCountry "POL"]
[SourceTitle "playchess.com"]
[Source "ChessBase"]
[SourceQuality "1"]

{[%evp 14,121,29,22,50,33,42,33,38,41,47,40,62,24,36,28,31,26,42,47,44,23,33,42,60,58,47,52,108,106,110,106,111,113,113,108,116,118,113,107,128,109,146,59,54,13,18,25,93,80,94,49,78,68,99,75,172,172,172,166,172,154,140,102,114,94,115,111,142,142,245,215,225,150,377,195,359,335,392,379,452,430,466,416,531,531,520,531,523,517,512,471,465,449,762,747,1108,1108,29980,29981,29981,29980,29976,29974,29974,29975,29985,29986,29986,29986]} 1. d4 Nf6 2. c4 g6 3. Nf3 Bg7 4. g3 c6 5. Bg2 O-O 6. O-O d5 7. Nbd2 Nbd7 8. b3 e5 {8...Ne4 is becoming the main line. D78: Fianchetto Grünfeld: 6 0-0 c6.} 9. dxe5 Ng4 10. cxd5 cxd5 {White is slightly better.} 11. Bb2 Ngxe5 12. Nd4 Nf6 {[#]} 13. Qc2 $146 ({Predecessor:} 13. N2f3 Nxf3+ 14. Nxf3 Re8 15. Be5 Bg4 16. Bd4 Rc8 17. e3 Qa5 18. a3 Re7 19. b4 {0-1 (41) Kupchik,A-Morton,H New York 1938}) 13... Bd7 14. Rad1 Rc8 15. Qb1 Qe7 16. Qa1 Rfe8 17. a4 a6 18. Rfe1 Qb4 19. N4f3 Nxf3+ 20. Nxf3 Nh5 (20... Qe7 $14) 21. Bxg7 $16 ({Of course not} 21. Rxd5 Bc6 $14) 21... Nxg7 22. Ne5 Be6 23. Bxd5 Bxd5 24. Rxd5 Qc3 25. Qxc3 Rxc3 26. Nd7 Rc6 27. Nc5 Ne6 28. Nxe6 (28. Nxb7 $16 Rc3 29. Rb1) 28... Rexe6 {[%mdl 4096] Endgame KRR-KRR} 29. Rd7 Rb6 30. Rd3 Rec6 (30... Re4 $11) 31. e4 Rc2 32. Ree3 Kf8 33. Rc3 Rb2 34. Rf3 {And now Rc7 would win.} Rc6 (34... Re6 $16) 35. Rxc6 $18 bxc6 {KR-KR} 36. Rc3 a5 37. Kg2 Ke7 38. Kf3 Kd6 39. h4 h5 40. Ke3 Rb1 41. Kd4 Rd1+ (41... f6 $16 42. Rf3 Rd1+ 43. Kc3 Ke5) 42. Rd3 Re1 43. Rf3 Ke6 $2 {[#] This move loses the game for Black.} (43... c5+ $16 {might work better.} 44. Kd3 Ke6) 44. Re3 (44. Kc5 $142) 44... Rc1 $2 (44... Rf1 {was necessary.}) 45. Rc3 Rd1+ 46. Kc5 Kd7 47. Kb6 Rd4 48. Kxa5 Rxe4 49. Kb6 Rb4+ 50. Kc5 {[#] Rd3+ is the strong threat.} Rb8 51. Rf3 f5 52. Rd3+ Kc7 53. b4 Re8 (53... Ra8 $142 54. Rd6 Rxa4 55. Rxc6+ Kd7 56. Rxg6 f4 57. gxf4 Ra2) 54. Re3 Ra8 55. a5 {[%cal Ba4a5,Ba5a6,Ba6a7][%mdl 32]} Rb8 56. Re7+ {White mates.} Kd8 57. Rg7 Rb5+ 58. Kxc6 Rxb4 59. a6 Ra4 60. a7 Ke8 61. Rg8+ {Weighted Error Value: White=0.14/Black=0.41} 1-0

[Event "Chess Festival Cracovia B 2020"]
[Site "Krakow"]
[Date "2020.12.28"]
[Round "2.11"]
[White "Lendzion, Kamil"]
[Black "Slezinski, Nikodem"]
[Result "1/2-1/2"]
[WhiteElo "1830"]
[BlackElo "2023"]
[Annotator "ChessBase"]
[PlyCount "88"]
[EventDate "2020.12.27"]
[EventType "swiss"]
[EventCountry "POL"]
[SourceTitle "playchess.com"]
[Source "ChessBase"]
[SourceQuality "1"]

1. e4 e5 2. Nf3 Nc6 3. Bc4 Bc5 4. c3 Nf6 5. d3 O-O 6. Bb3 d5 7. Nbd2 dxe4 8. dxe4 Ng4 9. O-O Kh8 10. h3 Nh6 11. Nc4 Qf6 12. Qe2 Rg8 13. Be3 Bf8 14. g4 Be6 15. Kh2 Qg6 16. Nh4 Qf6 17. g5 Qe7 18. Ng2 f5 19. gxh6 f4 20. Nxe5 Bxb3 21. Nxc6 Qxe4 22. axb3 Bd6 23. Qc4 fxe3+ 24. f4 Qxc6 25. Qxc6 bxc6 26. Rfe1 g5 27. Rxe3 gxf4 28. Rf3 Rae8 29. Nxf4 Re2+ 30. Kh1 Rxb2 31. b4 Rc2 32. Rg1 Bxf4 33. Rxg8+ Kxg8 34. Rxf4 Rxc3 35. Kg2 Re3 36. Rf6 Rc3 37. Rf4 Rc2+ 38. Kf3 Rc1 39. Rg4+ Kf8 40. Rg7 Rf1+ 41. Ke4 Rf7 42. Kd4 Rxg7 43. hxg7+ Kxg7 44. Kc5 Kf6 1/2-1/2